An anthropologist among the Marxists and other essays / (Record no. 63718)

MARC details
000 -LEADER
fixed length control field 00526nam a22001577a 4500
005 - DATE AND TIME OF LATEST TRANSACTION
control field 20120303130257.0
020 ## - INTERNATIONAL STANDARD BOOK NUMBER
International Standard Book Number 8178240017
Terms of availability 195.00
035 ## - SYSTEM CONTROL NUMBER
System control number B-30184
037 ## - SOURCE OF ACQUISITION
Stock number DPL
Source of stock number/acquisition ENG
100 ## - MAIN ENTRY--PERSONAL NAME
Personal name Guha, Ramachandra
245 ## - TITLE STATEMENT
Title An anthropologist among the Marxists and other essays /
Statement of responsibility, etc by Ramchandra Guha
260 ## - PUBLICATION, DISTRIBUTION, ETC. (IMPRINT)
Place of publication, distribution, etc Delhi
Name of publisher, distributor, etc Permanent black
Date of publication, distribution, etc 2001
300 ## - PHYSICAL DESCRIPTION
Extent 267p.
Dimensions 18 cms.
942 ## - ADDED ENTRY ELEMENTS (KOHA)
Source of classification or shelving scheme Dewey Decimal Classification
Item type English Books
Classification part 080
Call number suffix GUH
Holdings
Withdrawn status Lost status Not for loan Collection code Home library Current library Date acquired Cost, normal purchase price Full call number Barcode Cost, replacement price Koha item type
      Non-fiction Sarojini Nagar Sarojini Nagar 03/03/2012 195.00 080 GUH B-30184 195.00 English Books

© Delhi Public Library
Hit Counter
free hit counter